000 00781nam a22002537a 4500
003 UA-OsUOA
001 93914
007 ta
008 20130130b un ||||| |||| 00| 0 ukr d
100 _aЗелінська Н. В.
090 _a82.09(477)
_bЗ-48
942 _cBK
040 _aUA-OsUOA
_bukr
_cUA-OsUOA
_dUA-OsUOA
245 _aПоетика приголомшеного слова
_bмонографія
300 _a352 с.
955 _a1
041 _aukr
080 _a82.09(477)
020 _a966-603-236-8
260 _aЛьвів
_bСвіт
_c2003
246 3 1 _aУкраїнська наукова література ХІХ - початку ХХ ст.
_n
650 7 _a82 Література. Літературознавство
_2UDC
999 _c380153
_d380153